000 00559nam a2200193Ia 4500
005 20250326142514.0
008 250326s9999 xx 000 0 und d
020 _a0-333-69608-5
037 _aTextbook
040 _aFMSL
_beng
_cFMSL
041 _aeng
_2eng
084 _aX:8D.4 N2
_qFMSL
100 _aFanelli J M
_9746179
245 0 _aFicial reform in developing countries
_cFanelli J M; Medhora Rohinton
260 _aNew York
_bNew York, St. Martins
_c1998
300 _axxv,366
942 _cTB
_hX:8D.4 N2
999 _c1295348
_d1295348